00421 a2200145 4500001000700000020001800007040002200025041001600047082002300063100004300086245009400129260003100223300000800254362001300262134788 a85-365-0113-8 cLeonardo Da Vinci aPortuguês a005.3 M252bbM252b aMANZANO, José Augusto Navarro Garcia aBrOffice.org 2.0bguia prático de aplicação (versão brasileira do openoffice.org) bÉricac2006aSão Paulo a218 a20060000